Vzkriesenie mŕtvych majstrov Firma, ktorá reštauruje Dóm sv. Alžbety, sa volá ako jeho údajný staviteľ - Villard

Podrobná bibliografia
Hlavní autori: Soltész, Arpád, 1969- (Autor), Višváder, Vladimír, 1958- (Autor)
Korporácia: Dóm sv. Alžbety (Košice, Slovensko) (Autor), Villárd, Bratislava (reštaurátorská firma) (Autor)
Médium: Článok
Jazyk:slovenčina
Fyzický popis:2 foto
Predmet:

MARC

LEADER 00000nab a2200000 a 4500
001 vtls000894387
003 SK-MaSNL
005 20260305002442.0
008 040720e19961115xo 0 slo
035 |a KE3421 
040 |a KEVKJB  |b slo  |c KEVKJB  |e AACR2 
041 0 |a slo 
044 |a xo  |c SK 
080 |a 726.6  |2 1981 
080 |a 719  |2 1981 
080 |a 904  |2 1981 
100 1 |a Soltész, Arpád,  |d 1969-  |4 aut  |9 169110 
245 1 0 |a Vzkriesenie mŕtvych majstrov  |b Firma, ktorá reštauruje Dóm sv. Alžbety, sa volá ako jeho údajný staviteľ - Villard 
300 |b 2 foto 
610 2 7 |a Dóm sv. Alžbety (Košice, Slovensko)  |2 KEVKJB  |9 34070 
610 2 7 |a Villard (Bratislava, Slovensko)  |2 KEVKJB  |9 113099 
650 0 7 |a kultúrne pamiatky  |2 KEVKJB  |9 2862 
650 0 7 |a reštaurátorstvo  |2 KEVKJB  |9 18959 
650 0 7 |a rozhovory  |2 KEVKJB  |9 453585 
651 7 |a Košice (Slovensko)  |2 KEVKJB  |9 18694 
651 7 |a KE,  |2 KEVKJB  |9 877256 
655 7 |a periodikum  |2 snkbucl  |9 29553 
700 1 0 |a Višváder, Vladimír,  |d 1958-  |4 aut  |9 245833 
710 2 |a Dóm sv. Alžbety (Košice, Slovensko)  |4 aut  |9 34070 
710 2 |a Villárd, Bratislava (reštaurátorská firma)  |4 aut  |9 884960 
773 0 8 |t Košický večer  |g Roč. 7  |g Roč. 28, č.45, 15.11.1996, s. 1 
852 |a ZVYKNI  |b KIS3GCP 
999 |c 3225579  |d 3227509